[Event "6th LCT GpA 2012"]
[Site "Leiden NED"]
[Date "2012.07.14"]
[Round "8.9"]
[White "Van Der Wiel, John T.H."]
[Black "Rijnaarts, Sjef"]
[Result "1/2-1/2"]
[WhiteTitle "GM"]
[BlackTitle "FM"]
[WhiteElo "2430"]
[BlackElo "2319"]
[WhiteFideId "1000020"]
[BlackFideId "1014870"]
[EventDate "2012.07.06"]

1. e4 c5 2. Nf3 d6 3. d4 cxd4 4. Nxd4 Nf6 5. Nc3 e6 6. f4 Be7 7. Qf3 Nc6 8. Be3
e5 9. Nxc6 bxc6 10. f5 O-O 11. O-O-O Qa5 12. Bc4 Bb7 13. Bb3 d5 14. exd5 cxd5
15. Nxd5 Bxd5 16. Rxd5 Nxd5 17. Qxd5 Qc7 18. g4 Rad8 19. Qe4 Bc5 20. g5 Bxe3+
21. Qxe3 g6 22. fxg6 hxg6 23. a3 Kg7 24. h4 Rh8 25. Qf2 Qe7 26. Re1 Rhe8 27. c3
f5 28. gxf6+ Qxf6 29. Qxa7+ Re7 30. Qc5 Qxh4 31. Rg1 e4 32. Kb1 e3 33. Qb6 e2
34. Rxg6+ Kh7 35. Bc2 e1=Q+ 36. Ka2 Qc4+ 37. Bb3 Qf4 38. Rf6 Qxf6 39. Qxf6 Qe5
40. Bc2+ Kg8 41. Bb3+ Kh7 1/2-1/2

[Event "6th LCT GpA 2012"]
[Site "Leiden NED"]
[Date "2012.07.14"]
[Round "8.30"]
[White "Bodaan, Ton"]
[Black "Kevlishvili, Robby"]
[Result "0-1"]
[WhiteElo "1884"]
[BlackElo "1877"]
[WhiteFideId "1028529"]
[BlackFideId "1040634"]
[EventDate "2012.07.06"]

1. c4 Nf6 2. g3 g6 3. Bg2 d5 4. cxd5 Nxd5 5. Nc3 Nb6 6. d3 Bg7 7. Be3 Nc6 8.
Bxc6+ bxc6 9. Qd2 h5 10. Rc1 Nd5 11. Nf3 Nxe3 12. fxe3 Bg4 13. Ne4 Rb8 14. b3
Rb6 15. Kf2 O-O 16. Rc2 e5 17. Rhc1 Bd7 18. Qa5 f5 19. Ned2 Re8 20. Nc4 Rb5 21.
Qxa7 e4 22. Nd4 Rd5 23. Na5 exd3 24. exd3 Bh6 25. Re1 f4 26. exf4 Rxe1 27. Kxe1
Bg4 28. Naxc6 Qe8+ 29. Kf2 Bg7 30. Nf3 Bxf3 31. Kxf3 Rxd3+ 32. Kf2 Qe4 33. Re2
Qf3+ 0-1

[Event "6th LCT GpA 2012"]
[Site "Leiden NED"]
[Date "2012.07.14"]
[Round "8.11"]
[White "Erwich, Frank"]
[Black "Blom, Vincent"]
[Result "0-1"]
[WhiteTitle "FM"]
[WhiteElo "2376"]
[BlackElo "2119"]
[WhiteFideId "1007076"]
[BlackFideId "1014358"]
[EventDate "2012.07.06"]

1. c4 e5 2. g3 Nc6 3. Bg2 Nf6 4. Nc3 Bc5 5. e3 O-O 6. Nge2 Re8 7. O-O a6 8. a3
Bf8 9. b4 d6 10. Qc2 g6 11. Bb2 Nh5 12. Nd5 Ne7 13. e4 Nxd5 14. cxd5 f5 15. d4
Nf6 16. dxe5 dxe5 17. f3 fxe4 18. fxe4 c6 19. dxc6 Qb6+ 20. Kh1 Ng4 21. Nc3 Qxc6
22. Qe2 Nf6 23. Rac1 Qe6 24. Qf3 Bg7 25. Nd5 Nxd5 26. exd5 Qf5 27. Rc7 Qxf3 28.
Rxf3 Bf8 29. h3 Bd6 30. Rcf7 Rb8 31. g4 Bf5 32. Rf6 e4 33. R3xf5 gxf5 34. Rxd6
e3 35. Re6 Rxe6 36. dxe6 e2 37. Bc3 Rc8 38. Bd5 Kf8 39. Bd2 Rc2 40. Be1 Rc1 0-1

[Event "6th LCT GpA 2012"]
[Site "Leiden NED"]
[Date "2012.07.14"]
[Round "8.12"]
[White "Van der Auweraert, Elwin"]
[Black "Sundararajan, Kidambi"]
[Result "0-1"]
[BlackTitle "GM"]
[WhiteElo "2078"]
[BlackElo "2459"]
[WhiteFideId "1029568"]
[BlackFideId "5005370"]
[EventDate "2012.07.06"]

1. e4 e5 2. Nf3 Nc6 3. Bb5 a6 4. Ba4 Nf6 5. O-O Be7 6. Re1 b5 7. Bb3 d6 8. c3
O-O 9. h3 Nb8 10. d4 Nbd7 11. Nbd2 Bb7 12. Bc2 Re8 13. Nf1 Bf8 14. Ng3 g6 15.
Bg5 Bg7 16. Qd2 Qe7 17. a4 c5 18. d5 c4 19. Ra3 Qf8 20. Rea1 Nc5 21. Qd1 Nfd7
22. axb5 axb5 23. Ra5 Ba6 24. R1a3 Reb8 25. Qa1 Qc8 26. Be3 Bf6 27. Ra2 b4 28.
cxb4 Rxb4 29. Ba4 Nxa4 30. R5xa4 Rxa4 31. Rxa4 Bb7 32. Rxa8 Bxa8 33. Nd2 Bb7 34.
Qa4 Ba6 35. Qc6 Qxc6 36. dxc6 Nf8 37. c7 Ne6 38. Bb6 Kf8 39. Nxc4 Nxc7 40. Bxc7
Bxc4 41. Bxd6+ Ke8 42. Nf1 Kd7 43. Bb4 Ke6 44. Bc5 Bg5 45. Be3 Be7 46. f3 f5 47.
Nd2 Bd3 48. Kf2 Bb4 49. exf5+ gxf5 50. Nb3 Kd5 51. Nc1 Bb1 52. Ke2 h5 53. Bd2
Bd6 54. Kf2 f4 55. Ke1 Kc4 56. b3+ Kd5 57. Ba5 Be7 58. Kd2 Bc5 59. Ne2 Be3+ 60.
Kc3 Bf5 61. Bc7 Bc8 62. Kc2 Ba6 63. Kd1 Bd3 64. Bb8 Ke6 65. b4 Kf5 66. Bc7 e4
67. Nc3 exf3 68. gxf3 Ke6 69. Ne4 Bb5 70. Bd6 h4 71. Bc5 Ke5 72. Bxe3 fxe3 73.
Nc3 Bf1 74. b5 Kf4 75. Ke1 Bxh3 76. Ke2 Be6 77. Kd3 Kxf3 78. b6 Bc8 79. Nd5 Ba6+ 0-1

[Event "6th LCT GpA 2012"]
[Site "Leiden NED"]
[Date "2012.07.14"]
[Round "8.14"]
[White "Gieben, Stijn"]
[Black "Pijpers, Arthur"]
[Result "0-1"]
[WhiteElo "2061"]
[BlackElo "2341"]
[WhiteFideId "1034170"]
[BlackFideId "1019554"]
[EventDate "2012.07.06"]

1. e4 c5 2. Nf3 d6 3. d4 cxd4 4. Nxd4 Nf6 5. Nc3 g6 6. Be3 Bg7 7. f3 Nc6 8. Bc4
O-O 9. Qd2 Bd7 10. O-O-O Rc8 11. Bb3 Ne5 12. Kb1 Nc4 13. Bxc4 Rxc4 14. Qd3 Rc8
15. g4 b5 16. Ncxb5 Rb8 17. b3 e5 18. Nxd6 exd4 19. Bxd4 Be6 20. g5 Nh5 21. Bxg7
Nxg7 22. f4 Qa5 23. Qf3 Rb6 24. Rd4 Qa3 25. Qc3 Rxd6 26. Ra4 Qxa4 27. bxa4 Rc8 0-1

[Event "6th LCT GpA 2012"]
[Site "Leiden NED"]
[Date "2012.07.14"]
[Round "8.15"]
[White "Admiraal, Miguoel"]
[Black "Sanders, Isaac B"]
[Result "1-0"]
[WhiteElo "2286"]
[BlackElo "2100"]
[WhiteFideId "1019716"]
[BlackFideId "417661"]
[EventDate "2012.07.06"]

1. g3 Nf6 2. Bg2 g6 3. e4 d6 4. d4 Bg7 5. Nc3 O-O 6. Nge2 e5 7. h3 exd4 8. Nxd4
Bd7 9. O-O Nc6 10. Be3 Re8 11. Re1 a6 12. f4 Nxd4 13. Bxd4 Bc6 14. Qd3 Nd7 15.
Bxg7 Kxg7 16. Rad1 f6 17. b4 Qb8 18. Qc4 Qa7+ 19. Kh2 Re7 20. Nd5 Nb6 21. Qc3
Bxd5 22. exd5 Rae8 23. Rxe7+ Rxe7 24. Re1 Nc8 25. Rxe7+ Nxe7 26. Qxc7 Qe3 27.
Qxb7 Qe2 28. Qd7 Kf8 29. Qxd6 Qxc2 30. Qxf6+ Ke8 31. d6 Nf5 32. g4 1-0

[Event "6th LCT GpA 2012"]
[Site "Leiden NED"]
[Date "2012.07.15"]
[Round "9.3"]
[White "Arun Prasad, S."]
[Black "Vorobiov, Evgeny E."]
[Result "1/2-1/2"]
[WhiteTitle "GM"]
[BlackTitle "GM"]
[WhiteElo "2518"]
[BlackElo "2586"]
[WhiteFideId "5011167"]
[BlackFideId "4121341"]
[EventDate "2012.07.06"]

1. g3 c5 2. Bg2 Nc6 3. Nf3 g6 4. c3 Bg7 5. d4 cxd4 6. cxd4 d5 7. Nc3 e6 8. O-O
Nge7 9. e3 O-O 10. b3 b6 11. a4 a5 12. Ba3 Ba6 13. Re1 Qd7 14. Nb5 Nb4 15. Qd2
Nec6 16. Bf1 Rfc8 17. Rec1 Bf8 18. Rc3 Bxb5 19. Bxb5 Qb7 20. Bxc6 Rxc6 1/2-1/2

[Event "6th LCT GpA 2012"]
[Site "Leiden NED"]
[Date "2012.07.15"]
[Round "9.4"]
[White "Socko, Bartosz"]
[Black "Khenkin, Igor"]
[Result "1/2-1/2"]
[WhiteTitle "GM"]
[BlackTitle "GM"]
[WhiteElo "2629"]
[BlackElo "2669"]
[WhiteFideId "1107038"]
[BlackFideId "4659600"]
[EventDate "2012.07.06"]

1. c4 c5 2. Nf3 Nc6 3. g3 g6 4. Bg2 Bg7 5. O-O d6 6. Nc3 e5 7. Ne1 Be6 8. Nd5
Nge7 9. Nc2 O-O 10. Rb1 Rb8 11. d3 b5 12. Bg5 f6 13. Bd2 f5 14. b3 h6 15. e3 Qd7
16. Qe2 Bf7 17. e4 bxc4 18. bxc4 Nxd5 19. cxd5 Nd4 20. Nxd4 exd4 21. exf5 Qxf5
22. Be4 1/2-1/2

[Event "6th LCT GpA 2012"]
[Site "Leiden NED"]
[Date "2012.07.15"]
[Round "9.5"]
[White "Luch, Michal"]
[Black "Lalith, Babu M.R."]
[Result "0-1"]
[WhiteTitle "IM"]
[BlackTitle "GM"]
[WhiteElo "2426"]
[BlackElo "2529"]
[WhiteFideId "1120042"]
[BlackFideId "5024595"]
[EventDate "2012.07.06"]

1. d4 Nf6 2. c4 e6 3. g3 c5 4. Nf3 cxd4 5. Nxd4 Nc6 6. Bg2 Bb4+ 7. Bd2 Qb6 8.
Nb3 a5 9. O-O Bxd2 10. Qxd2 a4 11. Nc1 O-O 12. Nd3 d6 13. Na3 Rd8 14. Rfc1 e5
15. Bxc6 bxc6 16. c5 dxc5 17. Nc4 Qc7 18. Qe3 e4 19. Nxc5 Bf5 20. Qf4 Qxf4 21.
gxf4 Nd5 22. e3 Ra7 23. Rd1 Rb8 24. Rd4 a3 25. bxa3 Nc3 26. Kg2 g6 27. f3 exf3+
28. Kxf3 Rb5 29. Nb3 Be6 30. Nbd2 Rc5 31. Rd8+ Kg7 32. Nd6 Rxa3 33. Ne8+ Kh6 34.
Nf6 Nd5 35. Nfe4 Rxe3+ 36. Kf2 Rc2 37. Rxd5 Rxe4 0-1

[Event "6th LCT GpA 2012"]
[Site "Leiden NED"]
[Date "2012.07.15"]
[Round "9.6"]
[White "Blom, Vincent"]
[Black "Horvath, Csaba"]
[Result "0-1"]
[BlackTitle "GM"]
[WhiteElo "2119"]
[BlackElo "2507"]
[WhiteFideId "1014358"]
[BlackFideId "700118"]
[EventDate "2012.07.06"]

1. g3 g6 2. Bg2 Bg7 3. e4 c5 4. Ne2 Nc6 5. c3 e5 6. O-O Nge7 7. f4 d5 8. exd5
Nxd5 9. fxe5 Nxe5 10. d4 cxd4 11. cxd4 Nc6 12. Qb3 Be6 13. Qxb7 Rc8 14. Nbc3 O-O
15. Nf4 Nxc3 16. bxc3 Bc4 17. Bxc6 Rc7 18. Qb4 Bxf1 19. d5 Ba6 20. Be3 Qc8 21.
Bc5 Rxc6 22. dxc6 Qxc6 23. Bxf8 Bxf8 24. Qb8 Bb7 25. Rf1 g5 26. Qd8 gxf4 27.
Qg5+ Kh8 28. Kf2 Qf3+ 29. Ke1 Qxc3+ 30. Kd1 Qd3+ 31. Ke1 Bb4+ 32. Kf2 Qe3# 0-1

[Event "6th LCT GpA 2012"]
[Site "Leiden NED"]
[Date "2012.07.15"]
[Round "9.8"]
[White "Sundararajan, Kidambi"]
[Black "Admiraal, Miguoel"]
[Result "1/2-1/2"]
[WhiteTitle "GM"]
[WhiteElo "2459"]
[BlackElo "2286"]
[WhiteFideId "5005370"]
[BlackFideId "1019716"]
[EventDate "2012.07.06"]

1. c4 b6 2. Nc3 Bb7 3. e4 e5 4. Nge2 Bc5 5. d4 exd4 6. Nxd4 Ne7 7. Be2 Nbc6 8.
Nb3 O-O 9. O-O d6 10. Bg5 f6 11. Bh4 Ne5 12. Nd5 N5g6 13. Bg3 f5 14. exf5 Nxf5
15. Bg4 Nxg3 16. hxg3 Kh8 17. Be6 c6 18. Nxc5 dxc5 19. Ne3 Qf6 20. Bf5 Ne5 21.
Qe2 Rad8 22. Rae1 g6 23. Ng4 Nxg4 24. Bxg4 Rf7 25. Bf3 Kg7 26. b3 Rdd7 27. Bg4
Rd8 28. Qc2 Bc8 29. Bxc8 Rxc8 30. Re4 Re7 31. Rfe1 Rce8 32. Rxe7+ Rxe7 33. Rxe7+
Qxe7 34. Qc3+ Qf6 35. Qxf6+ Kxf6 36. Kf1 Ke5 37. Ke2 Kd4 38. g4 b5 39. f4 bxc4
40. bxc4 Kxc4 41. Ke3 Kd5 42. g5 c4 43. g4 c3 44. f5 c2 45. Kd2 gxf5 46. gxf5
Ke5 47. f6 Ke6 48. Kxc2 h5 49. gxh6 Kxf6 50. Kc3 Kg6 51. Kc4 Kxh6 52. Kc5 Kg6
53. Kxc6 Kf6 54. a4 a5 55. Kb5 Ke6 56. Kxa5 Kd7 57. Kb6 Kc8 58. a5 1/2-1/2